000 00622nam a2200217Ia 4500
003 OSt
005 20220925232212.0
006 a|||||r|||| 00| 0
007 ta
008 220923b |||||||| |||| 00| 0 hin d
037 _cGeneral Book
040 _aRTL
_cRTL
_bhin
041 _2hin
_ahin
082 _aY:5.2795sP1, P1.16
100 _aCensus of India, 2001
245 0 _aProvisional population totals paper-I of 2001
260 _aMizoram
_bGovt. Press
_c2001
300 _aix; 58p
_ccm.
942 _hY:5.2795sP1, P1.16
_cGB
_2CC
999 _c590641
_d590641